000 00561nam a2200145 4500
999 _c9909
_d9909
008 180720b ||||| |||| 00| 0 eng d
022 _a2094-8042
082 _aDPer 370.105 M72 Jan-Dec 2011
100 _929278
_aGenio, Maria Teresa D.
245 _aChildren with attention deficit hyperactivity disorder and the roles of parents-society in handling such endeavors/
_cMaria Teresa D. Genio.
260 _aPhilippines;
_bIn The Grade School, Inc.,
_cc2011.
300 _av59 n9, pages 360-363;
_c27cm.
650 0 _929279
_aHuman behavior
_xADHD
942 _2ddc
_cPER